Operations Management: Theory and Practice (Record no. 1988)
[ view plain ]
| 000 -LEADER | |
|---|---|
| fixed length control field | 00378nam a22001457a 4500 |
| 008 - FIXED-LENGTH DATA ELEMENTS--GENERAL INFORMATION | |
| fixed length control field | 250220b |||||||| |||| 00| 0 eng d |
| 020 ## - INTERNATIONAL STANDARD BOOK NUMBER | |
| ISBN | 13:9781121913974 |
| 100 ## - MAIN ENTRY--AUTHOR | |
| Author | STEVENSON, William |
| 245 ## - TITLE STATEMENT | |
| Title | Operations Management: Theory and Practice |
| 250 ## - EDITION STATEMENT | |
| Edition statement | 11th |
| 260 ## - PUBLICATION, DISTRIBUTION, ETC. (IMPRINT) | |
| Place of publication | Glasgow |
| Name of publisher | MacGrow Hill Inc. |
| Date of publication | 2013 |
| 300 ## - COLLATION | |
| Pagination | xxv, 908p. |
| 942 ## - ADDED ENTRY ELEMENTS (KOHA) | |
| Item type | Books |
| 050 ## - LIBRARY OF CONGRESS CALL NUMBER | |
| Classification number | HD7288 |
| Item number | .S74 |
| Source of classification or shelving scheme | Not for loan | Permanent location | Current location | Date acquired | Accession No. | Full call number | Barcode. | Koha item type |
|---|---|---|---|---|---|---|---|---|
| Library of Congress Classification | Samuel Ogbemudia Main Library, University of Abuja | Samuel Ogbemudia Main Library, University of Abuja | 02/20/2025 | 2014/44250 | HD7288.S74 | 2025-0126 | Books |